000
00297nam a2200121Ia 4500
008
191201s2019 xx 000 0 und d
100
_a
S.S, Vinod, Chandra
245
0
_a
Artificial Intelligence and Machine Learning
260
_b
PHI
300
_a
348
650
_a
B.Tech(IT)
942
_2
ddc
_c
BK
_0
7
999
_c
6890
_d
6890